000 00682nam a2200229 a 4500
001 000014745
003 DO-SdBNP
005 20220407134756.0
008 100120s2007 dr r 001 0 spa d
020 _z9789945420272
040 _aDO-SdBNP
_bspa
_cBPMSU
082 _aRD861.44
_bM516m 2007
_222
100 1 _aMejía, Franklin,
_d1964-
245 1 0 _aMateria gris /
_cFranklin Mejía.
260 _aSan Francisco de Macorís, República Dominicana :
_bNacional :
_bÁngeles de Fierro,
_c2007.
300 _a126 p. ;
_c22 cm.
590 _aInventariado, 2022/VM
650 4 _aPoesía dominicana
650 4 _aLiteratura dominicana.
910 _aVMateo V.
942 _2ddc
_cBK
999 _c14152
_d14152